| 000 | 00657nam a2200241Ia 4500 | ||
|---|---|---|---|
| 008 | 180523s9999 xx 000 0 und d | ||
| 020 | _a0-471-42686-5 | ||
| 050 | _aMAIN GT 3405 | ||
| 050 | _b.M66 2006 | ||
| 100 | _aMonroe, James C. | ||
| 245 | 0 | _aArt of the event : | |
| 245 | 0 | _bcomplete guide to designing and decorating special events / | |
| 245 | 0 | _cJames C. Monroe. | |
| 260 | _aAustralia : | ||
| 260 | _bJohn Wiley & Sons, | ||
| 260 | _c2006 | ||
| 300 | _a416 pages : | ||
| 300 | _billustrations ; | ||
| 300 | _c24 cm. | ||
| 500 | _aIncludes index. | ||
| 650 | _aSpecial events -- Planning. | ||
| 650 | _xDecoration and ornament. | ||
| 999 |
_c356704 _d356704 |
||